Selling Empire/ (Record no. 206839)
[ view plain ]
| 000 -LEADER | |
|---|---|
| fixed length control field | 00591nam a22001937a 4500 |
| 005 - DATE AND TIME OF LATEST TRANSACTION | |
| control field | 20241029111833.0 |
| 010 ## - LCCN (DPL NO) | |
| LC control number | ENG-142522 |
| 020 ## - INTERNATIONAL STANDARD BOOK NUMBER | |
| International Standard Book Number | 9788125061298 |
| Terms of availability | 1230.00 |
| 035 ## - SYSTEM CONTROL NUMBER | |
| System control number | EN-126054 |
| 037 ## - SOURCE OF ACQUISITION | |
| Source of stock number/acquisition | DBAD |
| 082 ## - DEWEY DECIMAL CLASSIFICATION NUMBER | |
| Classification number | 382.60954903 |
| 100 ## - MAIN ENTRY--PERSONAL NAME | |
| Personal name | Eacott, Jonathan |
| 245 ## - TITLE STATEMENT | |
| Title | Selling Empire/ |
| Statement of responsibility, etc | Jonathan Eacott |
| 250 ## - EDITION STATEMENT | |
| Edition statement | First |
| 260 ## - PUBLICATION, DISTRIBUTION, ETC. (IMPRINT) | |
| Place of publication, distribution, etc | New Delhi |
| Name of publisher, distributor, etc | Orient Blackswan Private Limited |
| Date of publication, distribution, etc | 2016 |
| 270 ## - ADDRESS | |
| Address | 1/24 Asaf Ali Road |
| City | New Delhi |
| Postal code | 110002 |
| Electronic mail address | delhi@orientblackswan.com |
| 300 ## - PHYSICAL DESCRIPTION | |
| Extent | 455p. |
| Dimensions | 25cm (hbk) |
| 942 ## - ADDED ENTRY ELEMENTS (KOHA) | |
| Source of classification or shelving scheme | Dewey Decimal Classification |
| Item type | English Books |
| Classification part | 382.609540903 |
| Call number suffix | EAC |
| Edition | 2016 |
| Withdrawn status | Lost status | Not for loan | Collection code | Home library | Current library | Date acquired | Source of acquisition | Cost, normal purchase price | Full call number | Barcode | Copy number | Cost, replacement price | Koha item type |
|---|---|---|---|---|---|---|---|---|---|---|---|---|---|
| Non-fiction | Ashok Vihar | Ashok Vihar | 29/10/2024 | DBAD | 1230.00 | 382.609540903 EAC | EN-126054 | 1 | 1230.00 | English Books |
